Normal view
MARC view
- D'Esposito S.
Entry Personal Name
001 - CONTROL NUMBER
- control field: 12047
003 - CONTROL NUMBER IDENTIFIER
- control field: IT-RoPau
005 - DATE AND TIME OF LATEST TRANSACTION
- control field: 20140202203327.0
008 - FIXED-LENGTH DATA ELEMENTS
- fixed length control field: 140202|| aca||aabn | a|a d
040 ## - CATALOGING SOURCE
- Original cataloging agency: IT-RoPau
- Transcribing agency: IT-RoPau
100 ## - HEADING--PERSONAL NAME
- Personal name: D'Esposito S.
- Miscellaneous information: Codice autore SPICS: 14017
- Relator term: Autore
- Name of part/section of a work: Anema e core
670 ## - SOURCE DATA FOUND
- Source citation: Work cat.: (IT-RoPau)102681: AA.VV. 794, Mantovani e la sua orchestra